• 首页
  • 本馆介绍
  • 公告通知
  • 最新文献
  • 馆藏检索
  • 电子资源
  • 读者导购
  • 参考咨询
  • 我的图书馆
  • 登录
  • 详细信息显示
  • 放入我的书架
  • 预约/预借图书
  • 作者相关作品
  • 分类相关作品
  • 丛书相关作品
  • 出版社相关作品

书目信息

  • 表格格式
  • 工作单格式
  • 卡片格式
题名:
国外农业考察报告选编
    
 
作者: ;国家农业委员会外事局 主编
分册: 1979年   农业分册
出版信息: 北京   农业出版社  1983
页数: 443页
开本: 20cm
丛书名:
单 册:
中图分类: S-11
科图分类:
主题词: 农业科学--考察报告--外国
电子资源:
ISBN: 4144.459
000 00699nam0 2200229 450
001 0183016045
005 20100712220702.0
010    @a4144.459@dCNY1.35
091    @a4144.459
100    @a19971208d1983 em y0chiy0110 ea
101 0  @achi
102    @aCN@b110000
105    @ay z 000yy
106    @ar
200 1  @a国外农业考察报告选编@9Guo Wai Nong Ye Kao Cha Bao Gao Xuan Bian @i农业分册@f国家农业委员会外事局主编@h1979年
210    @a北京@c农业出版社@d1983
215    @a443页@d20cm
606 0  @a农业科学@x考察报告@y外国
690    @aS-11@v3
711 02 @a国家农业委员会外事局@9guo jia nong ye wei yuan hui wai shi ju@4主编
801  0 @aCN@b91MARC@c20130904
905    @aBZT@dS@e31@f5@sS/31
    
    国外农业考察报告选编.农业分册/国家农业委员会外事局主编.1979年.-北京:农业出版社,1983
    443页;20cm
    
    
    ISBN 4144.459:CNY1.35
    
●
相关链接 在五车中查询图书 在当当中查询图书 在豆瓣中查询图书


正题名:国外农业考察报告选编     索取号:S/31         预约/预借

序号 登录号 条形码 馆藏地/架位号 状态 备注
1 2000113575   2000113575   旧书回溯/ [索取号:S/31] 在馆    
2 2000113576   2000113576   旧书回溯/ [索取号:S/31] 在馆    
3 2000113577   2000113577   旧书回溯/ [索取号:S/31] 在馆    
4 2000113578   2000113578   旧书回溯/ [索取号:S/31] 在馆    
5 2000125618   2000125618   旧书回溯/ [索取号:S/31] 在馆    
山东省滨州职业学院图书馆 欢迎您!
大连网信软件有限公司© 版权所有